| 000 | 00900cam a2200301 ib4500 | ||
|---|---|---|---|
| 001 | 2449676 | ||
| 003 | YEEZEN | ||
| 005 | 20240819111905.0 | ||
| 008 | 240716s2024 ch ac g 000 0 chi d | ||
| 020 |
_a9786267333136 _q(平裝) : _cNT$420 |
||
| 040 |
_aTCPL _bchi _cTCPL _eccr |
||
| 042 | _anbic | ||
| 084 |
_a415.635 _2ncsclt |
||
| 090 | _a415.635 | ||
| 100 | 1 | _a陳廷宇 | |
| 245 | 1 | 0 |
_a最漫長的暑假 : _b兔寶KO ALL兒童白血病日記 / _c陳廷宇, 陳繹安著 |
| 246 | 3 | 0 | _a兔寶KO ALL兒童白血病日記 |
| 250 | _a初版 | ||
| 260 |
_a新北市 : _b柏樂出版 : _b易可數位行銷總經銷, _c2024.07 |
||
| 300 |
_a261, [1]面 : _b彩圖, 像 ; _c23公分 |
||
| 490 | 1 |
_a樂活 ; _v19. |
|
| 650 | 7 |
_a通俗作品 _2lcstt. |
|
| 650 | 7 |
_a白血病 _2lcstt. |
|
| 650 | 7 |
_a小兒科 _2lcstt. |
|
| 700 | 1 | _a陳繹安 | |
| 830 | 0 |
_a樂活 ; _v19. |
|
| 942 |
_2ccl _cBOOK |
||
| 999 |
_c7579 _d7579 |
||